Statistics for Bad Guys and Their Video Games

Click here to take the quiz!

General Stats

  • This quiz has been taken 2,472 times
  • The average score is 9 of 16

Answer Stats

Hint Answer % Correct
Goomba, Hammer Bro, BowserSuper Mario
99%
Riddler, Poison Ivy, PenguinBatman
93%
Shadow, Dr Eggman, Mephiles the darkSonic the Hedgehog
91%
Ganondorf, Demise, GanonLegend of Zelda
80%
Covenant, Prometheans, FloodHalo
76%
Sagat, Zangief, M.BisonStreet Fighter
74%
Baxter Stockman, Krang, ShredderTeenage Mutant Ninja Turtles
65%
Hunter, Charger, TankLeft 4 Dead
58%
General RAAM, Locust, LambentGears of War
56%
El Gigante, Jack Krauser, Albert WeskerResident Evil
52%
Collectors, Geth, SovereignMass Effect
40%
Dimitri Rascalov, Officer Tenpenny, Diego MendezGrand Theft Auto
38%
The Jackal, Vaas Montenegro, Hoyt VolkerFar Cry
37%
Chairman Drek, Dr.Nefarious, Courtney GearsRatchet and Clank
22%
Scolar Visari, Jorhan Stahl, HelghastKillzone
20%
Barzinis, Straccis, CuneosThe Godfather
6%

Score Distribution

Percentile by Number Answered

Percent of People with Each Score

Your Score History

You have not taken this quiz